000 00277nam a2200109Ia 4500
008 201223s9999 xx 000 0 und d
100 _aDesai, W.S. (Ed.)
245 0 _aBombay & the Marathas up to 1774
260 _aNew Delhi
_bMunshiram Manoharlal
300 _a248
942 _cBK
999 _c8520
_d8520